000 00839cam a22002658a 4500
008
020 _a9780273758167 (paperback)
049 _aMAIN
090 _aHF5415.35
_bMAR.
245 0 0 _aMarketing :
_breal people, real decisions /
_cSolomon ... [et al.].
250 _a2nd European edition
260 _aHarlow, England ;
_aNew York :
_bPearson,
_c2013.
300 _axxvi, 632 pages :
_bcolour illustrations ;
_c27 cm.
336 _atext
_btxt
_2rdacontent
337 _aunmediated
_bn
_2rdamedia
338 _avolume
_bnc
_2rdacarrier
500 _aIncludes index.
650 0 _aMarketing
_xVocational guidance.
700 1 _aSolomon, Michael R.
907 _a.b10348852
_b30-10-19
_c12-11-14
003
005 20230123122110.0
040 _cNUST
942 _cBOOKS
_kHF5415.35
_mMAR.
999 _c127785
_d127785